Online katalóg knižníc regiónu Turca

Chrobáčiky (Record no. 21787)

MARC details
000 -LEADER
fixed length control field 01717cam a2200481 a 4500
001 - CONTROL NUMBER
control field 21787
003 - CONTROL NUMBER IDENTIFIER
control field VRT
005 - DATE AND TIME OF LATEST TRANSACTION
control field 20260309144353.0
008 - FIXED-LENGTH DATA ELEMENTS--GENERAL INFORMATION
fixed length control field 240318s2010 xr a b 000 f slo
015 ## - NATIONAL BIBLIOGRAPHY NUMBER
National bibliography number SNBZSA2016
020 ## - INTERNATIONAL STANDARD BOOK NUMBER
International Standard Book Number 9788073609566
035 ## - SYSTEM CONTROL NUMBER
System control number urn:nbn:sk:snk-am00azcn
035 ## - SYSTEM CONTROL NUMBER
System control number urn:nbn:sk:snk-am3h7wj
035 ## - SYSTEM CONTROL NUMBER
System control number 6907061F-CF1F-4604-8E25-800B8FF98FBC
039 #9 - LEVEL OF BIBLIOGRAPHIC CONTROL AND CODING DETAIL [OBSOLETE]
Level of rules in bibliographic description 202404130745
Level of effort used to assign nonsubject heading access points AUTHORITY
Level of effort used to assign subject headings 202404130739
Level of effort used to assign classification AUTHORITY
Level of effort used to assign subject headings 202404130733
Level of effort used to assign classification AUTHORITY
Level of effort used to assign subject headings 202404130727
Level of effort used to assign classification AUTHORITY
040 ## - CATALOGING SOURCE
Original cataloging agency TOTK
Language of cataloging slo
Transcribing agency TOTK
Modifying agency SNK
Description conventions AACR2
041 1# - LANGUAGE CODE
Language code of text/sound track or separate title slo
Language code of original cze
044 ## - COUNTRY OF PUBLISHING/PRODUCING ENTITY CODE
MARC country code xr
ISO country code CZ
072 #7 - SUBJECT CATEGORY CODE
Subject category code 821.162.3
Subject category code subdivision Česká literatúra
Source konspekt
072 #7 - SUBJECT CATEGORY CODE
Subject category code 821-93
Subject category code subdivision Literatúra pre deti a mládež (beletria)
Source konspekt
080 ## - UNIVERSAL DECIMAL CLASSIFICATION NUMBER
Universal Decimal Classification number 821.162.3-34
Edition identifier 2011
080 ## - UNIVERSAL DECIMAL CLASSIFICATION NUMBER
Universal Decimal Classification number 821-93
Edition identifier 2011
080 ## - UNIVERSAL DECIMAL CLASSIFICATION NUMBER
Universal Decimal Classification number (0.05-053.2:821-93)
Edition identifier 2011
100 1# - MAIN ENTRY--PERSONAL NAME
Personal name Karafiát, Jan,
Dates associated with a name 1846-1929
Relationship aut
240 10 - UNIFORM TITLE
Uniform title Broučci
Language of a work Slovensky
245 10 - TITLE STATEMENT
Title Chrobáčiky
Remainder of title pre malé i veľké deti
Statement of responsibility, etc. Jan Karafiát ; ilustrácie: Ľuba Suchalová ; [z českého originálu ... preložila Mária Fúriková]
260 ## - PUBLICATION, DISTRIBUTION, ETC.
Place of publication, distribution, etc. Praha
Name of publisher, distributor, etc. Ottovo nakladatelství
Date of publication, distribution, etc. 2010
300 ## - PHYSICAL DESCRIPTION
Extent 119 s.
Other physical details fareb. ilustr.
Dimensions 28 cm
655 #7 - INDEX TERM--GENRE/FORM
Genre/form data or focus term české rozprávky
Source of term SNKPH
655 #7 - INDEX TERM--GENRE/FORM
Genre/form data or focus term publikácie pre deti
Source of term SNKPH
655 ## - INDEX TERM--GENRE/FORM
Genre/form data or focus term Czech fairy tales
Source of term SNKPHeng
655 ## - INDEX TERM--GENRE/FORM
Genre/form data or focus term Children's literature
Source of term SNKPHeng
700 1# - ADDED ENTRY--PERSONAL NAME
Personal name Fúriková, Mária
Relationship trl
700 1# - ADDED ENTRY--PERSONAL NAME
Personal name Suchalová Harichová, Ľubica,
Dates associated with a name 1958-
Relationship ill
910 ## - USER-OPTION DATA (OCLC)
User-option data totk
910 ## - USER-OPTION DATA (OCLC)
User-option data skpk
910 ## - USER-OPTION DATA (OCLC)
User-option data pokpoh
910 ## - USER-OPTION DATA (OCLC)
User-option data snk
910 ## - USER-OPTION DATA (OCLC)
User-option data sllk
942 ## - ADDED ENTRY ELEMENTS (KOHA)
Source of classification or shelving scheme Dewey Decimal Classification
Koha item type Krásna literatúra pre deti
Suppress in OPAC No
949 ## - LOCAL PROCESSING INFORMATION (OCLC)
6 17A1176672
a snkSB 89389
b snk2016/653
o Pemic1-ah/Int. č. fa 93/2015
s 6100:20160401
Holdings
Stav vyradenia Strata Poškodenie Spôsob nadobudnutia Domovská knižnica Aktuálna knižnica Dátum nadobudnutia Total checkouts Čiarový kód exemplára Date last seen Typ exemplára
      Dar Obecná knižnica Turčianska Štiavnička Obecná knižnica Turčianska Štiavnička 09.03.2026   4738000390 09.03.2026 Krásna literatúra pre deti
Projekt je podporený Slovenskou asociáciou knižníc
Prevádzkuje Turčianska knižnica Martin 2026